Central Library OPAC University of Rajshahi

Advanced accounting / (Record no. 38149)

MARC details
000 -LEADER
fixed length control field 00669nam a2200229 a 4500
001 - CONTROL NUMBER
control field 38149
003 - CONTROL NUMBER IDENTIFIER
rucl marc code BD-RjUL
005 - DATE AND TIME OF LATEST TRANSACTION
control field 20211209052733.0
008 - FIXED-LENGTH DATA ELEMENTS--GENERAL INFORMATION
fixed length control field 160621s1981 bg 000 0 eng
035 ## - SYSTEM CONTROL NUMBER
System control number (BD-RjUL)38254
040 ## - CATALOGING SOURCE
Original cataloging agency DLC
Transcribing agency DLC
Modifying agency DLC
-- BD-RjUL
Language of cataloging eng
041 ## - LANGUAGE CODE
Language code of text/sound track or separate title eng
082 00 - DEWEY DECIMAL CLASSIFICATION NUMBER
Classification number 657
Author mark and year KHA 1981
100 2# - MAIN ENTRY--PERSONAL NAME
Personal name Khan, Md. Muinuddin.
9 (RLIN) 70022
245 10 - TITLE STATEMENT
Title Advanced accounting /
Remainder of title
Statement of responsibility, etc. by Md. Muinuddin Khan.
Number of part/section of a work Volume I :
Name of part/section of a work Based entirely on law & practice of Bangladesh
250 ## - EDITION STATEMENT
Edition statement 6th ed.
260 ## - PUBLICATION, DISTRIBUTION, ETC. (IMPRINT)
Place of publication, distribution, etc. Dacca :
Name of publisher, distributor, etc. Ideal Library,
Date of publication, distribution, etc. 1981.
300 ## - PHYSICAL DESCRIPTION
Pagination x, 947 p. :
Illustrations ill. ;
Size 25 cm.
505 01 - FORMATTED CONTENTS NOTE
Formatted contents note Vol.1--
650 #0 - SUBJECT ADDED ENTRY--TOPICAL TERM
Topical term or geographic name as entry element Accounting.
9 (RLIN) 70023
942 ## - ADDED ENTRY ELEMENTS (KOHA)
Source of classification or shelving scheme Dewey Decimal Classification
Koha item type Books
Holdings
Lost status Source of classification or shelving scheme Damaged status Not for loan Collection code Permanent Location Current Location Shelving location Date acquired Source of acquisition Cost, normal purchase price Total Checkouts Full call number Date last seen Copy number Koha item type Date checked out
  Dewey Decimal Classification     Non-fiction Central Library, University of Rajshahi Central Library, University of Rajshahi   14/08/1982 Aligarh Lib. 120.00   657 KHA V-1 1981 16/09/2015 C-2 Books  
  Dewey Decimal Classification     Non-fiction Central Library, University of Rajshahi Central Library, University of Rajshahi   14/08/1982 Aligarh Lib. 120.00 5 657 KHA V-1 1981 22/05/2017 C-3 Books 13/05/2017
  Dewey Decimal Classification     Non-fiction Central Library, University of Rajshahi Central Library, University of Rajshahi   14/08/1982 Aligarh Lib. 120.00 2 657 KHA V-1 1981 28/05/2017 C-4 Books 30/04/2017
  Dewey Decimal Classification     Non-fiction Central Library, University of Rajshahi Central Library, University of Rajshahi   14/08/1982 Aligarh Lib. 120.00 6 657 KHA V-1 1981 01/03/2018 C-5 Books 19/02/2018
  Dewey Decimal Classification     Non-fiction Central Library, University of Rajshahi Central Library, University of Rajshahi   05/07/1983 Aligar Library, Rajshahi 120.00   657 KHA V-1 1981 19/03/2019 C-6 Books  
  Dewey Decimal Classification     Non-fiction Central Library, University of Rajshahi Central Library, University of Rajshahi   10/08/1982 Aligar Library, Rajshahi 182.00   657 KHA V-1 1981 19/03/2019 C-7 Books  
  Dewey Decimal Classification     Non-fiction Central Library, University of Rajshahi Central Library, University of Rajshahi   10/08/1982 Aligar Library, Rajshahi 120.00   657 KHA V-1 1981 19/03/2019 C-8 Books  
  Dewey Decimal Classification     Non-fiction Central Library, University of Rajshahi Central Library, University of Rajshahi   10/08/1982 Aligar Library, Rajshahi 120.00   657 KHA V-1 1981 19/03/2019 C-9 Books  
  Dewey Decimal Classification   Not For Loan Non-fiction Central Library, University of Rajshahi Central Library, University of Rajshahi   25/07/1983 Aligar Library, Rajshahi 120.00   657 KHA V-1 1981 19/03/2019 C-2 Books  
  Dewey Decimal Classification     Non-fiction Central Library, University of Rajshahi Central Library, University of Rajshahi   25/07/1983 Ali garh library, rajshahi 120.00   657 KHA 1981 V-1 23/03/2019 C-10 Books  
  Dewey Decimal Classification     Non-fiction Central Library, University of Rajshahi Central Library, University of Rajshahi   10/08/1992 Idial Library ; Dhaka 120.00   657 KHA 1981 V-1 25/03/2019 C-11 Books  
  Dewey Decimal Classification   Not For Loan Non-fiction Central Library, University of Rajshahi Central Library, University of Rajshahi Reading Room 25/02/1967 Ryal book 13.50   657 KHA 1966 V-2 09/04/2019 C-1 Books